000
00287nam a22001337a 4500
008
190305b xxu||||| |||| 00| 0 eng d
020
_a
9780820478425
041
_a
eng
080
_a
371
100
_a
46
101
_a
EDU
245
_a
Teaching Writing
_c
Thomas,P.L
942
_2
udc
_c
BK
999
_c
54552
_d
54552